[Event "Moscow Time of the First U13"]
[Site "Moscow"]
[Date "2019.06.21"]
[Round "7"]
[White "Kishiev, Famil"]
[Black "Isaykin, Valery"]
[Result "1/2-1/2"]
[WhiteElo "1591"]
[BlackElo "1483"]
[PlyCount "163"]
[EventDate "2019.06.17"]
[EventType "swiss"]
[EventRounds "9"]
[EventCountry "RUS"]
[SourceTitle "EXT 2021"]
[Source "ChessBase"]
[SourceDate "2020.10.23"]
[SourceVersion "1"]
[SourceVersionDate "2020.10.23"]
[SourceQuality "1"]

1. e4 c5 2. Nf3 e6 3. d4 cxd4 4. Nxd4 a6 5. Be2 Qc7 6. Nd2 b5 7. N2b3 Bb7 8. Bf3 d6 9. 0-0 Nd7 10. Re1 Ngf6 11. Bg5 Be7 12. Bxf6 Bxf6 13. c3 Ne5 14. Be2 0-0 15. Bf1 Nc4 16. Bxc4 bxc4 17. Nd2 d5 18. exd5 Bxd5 19. Rb1 Bxd4 20. cxd4 Qf4 21. Nf1 Be4 22. Rc1 Bd3 23. Ne3 Rac8 24. d5 Rcd8 25. Qd2 Rxd5 26. Nxc4 Qxd2 27. Nxd2 h6 28. h3 Rfd8 29. Nf3 Bb5 30. b3 a5 31. Kh2 Kf8 32. Kg3 Ke7 33. Re5 Bd3 34. Rc5 Rxc5 35. Rxc5 Rd5 36. Rxd5 exd5 37. Ne5 Bb5 38. a4 Ke6 39. Nf3 Bd3 40. h4 Kd6 41. Kf4 Kc5 42. Ke3 Be4 43. Nd4 Bxg2 44. f3 Bh3 45. Nc2 Bf5 46. Nd4 Bb1 47. Ne2 Ba2 48. Nd4 Kb4 49. Nc6+ Kxb3 50. Nxa5+ Kxa4 51. Nb7 Kb3 52. Kd4 Kc2 53. f4 Kd2 54. Nd8 f6 55. h5 Ke2 56. Ne6 Kf3 57. f5 Kg4 58. Nxg7 Kg5 59. Kc5 Bb1 60. Kxd5 Bxf5 61. Kd6 Bg4 62. Ke7 Bh3 63. Kd6 Bc8 64. Kd5 f5 65. Kd4 f4 66. Ne8 Kxh5 67. Ke4 Kg5 68. Nd6 Be6 69. Ke5 Bb3 70. Ne4+ Kg4 71. Nf6+ Kf3 72. Nh5 Kg4 73. Nxf4 Bc2 74. Nd5 Kg5 75. Nf4 Bf5 76. Ne2 Kg4 77. Nf4 Bc2 78. Ng2 h5 79. Ne3+ Kg3 80. Nxc2 h4 81. Ne3 h3 82. Kf5 1/2-1/2